[Event "27th Klatovy B 2019"]
[Site "Klatovy CZE"]
[Date "2019.07.02"]
[Round "4.34"]
[White "Rychlik, Zdenek"]
[Black "Zemanova, Nikola"]
[Result "1/2-1/2"]
[WhiteElo "1721"]
[BlackElo "1403"]
[PlyCount "64"]
[EventDate "2019.06.29"]
[EventType "swiss"]
[EventRounds "9"]
[EventCountry "CZE"]

1. e4 e6 2. d4 d5 3. exd5 exd5 4. c4 Nf6 5. Nf3 Nc6 6. Nc3 Bg4 7. Be2 Bxf3 8. Bxf3 dxc4 9. O-O Bd6 10. Qe2+ Be7 11. Bxc6+ bxc6 12. Qxc4 Qd7 13. Bg5 O-O 14. Rfe1 Rfe8 15. h3 Rad8 16. Rad1 Nd5 17. Bxe7 Rxe7 18. Rxe7 Nxe7 19. b3 Nf5 20. d5 cxd5 21. Rxd5 Nd6 22. Qd3 Qe7 23. Ne4 h6 24. Nxd6 Rxd6 25. Rxd6 cxd6 26. Qd4 Kf8 27. Kf1 Qc7 28. Qd2 Qc6 29. a4 Kg8 30. Kg1 Qe4 31. b4 a5 32. bxa5 Qxa4 1/2-1/2

[Event "27th Klatovy B 2019"]
[Site "Klatovy CZE"]
[Date "2019.07.02"]
[Round "4.35"]
[White "Vavrinkova, Jitka"]
[Black "Matlocha, Lubomir"]
[Result "1-0"]
[WhiteElo "1566"]
[BlackElo "1663"]
[PlyCount "107"]
[EventDate "2019.06.29"]
[EventType "swiss"]
[EventRounds "9"]
[EventCountry "CZE"]

1. e4 c6 2. d4 d6 3. Nf3 g6 4. Be2 Bg7 5. O-O Qc7 6. Bf4 Nd7 7. c3 e5 8. Bg3 Ne7 9. h3 O-O 10. Nbd2 Nb6 11. a4 a5 12. Re1 h6 13. Bc4 Nxc4 14. Nxc4 Be6 15. dxe5 d5 16. exd5 cxd5 17. Nd6 Nc6 18. Nb5 Qb6 19. Qd2 Rad8 20. Nfd4 Nb8 21. Kh1 Nd7 22. f4 Nc5 23. Qe3 Rfe8 24. Bh4 Rd7 25. Re2 Bf8 26. Bf2 Ne4 27. Bh4 Bc5 28. Qf3 Be7 29. Bxe7 Rdxe7 30. c4 Rc8 31. b3 Kg7 32. Rae1 Rc5 33. g4 Re8 34. Kh2 Rec8 35. f5 Ng5 36. Nxe6+ Qxe6 37. f6+ Kg8 38. Qg2 Ne4 39. cxd5 Qxe5+ 40. Kg1 Qxd5 41. Qxe4 Qxb3 42. Re3 Qb2 43. Qd4 Rxb5 44. Qd7 Rf8 45. Qxb5 Qxf6 46. Qxb7 h5 47. Qe4 h4 48. Rf1 Qb6 49. Qf4 Kg7 50. g5 Kg8 51. Rfe1 Rc8 52. Kg2 Qc6+ 53. Qf3 Qc2+ 54. R1e2 1-0

[Event "27th Klatovy B 2019"]
[Site "Klatovy CZE"]
[Date "2019.07.02"]
[Round "4.36"]
[White "Kotal, Vit"]
[Black "Rychtecky, Pavel"]
[Result "1-0"]
[WhiteElo "1556"]
[BlackElo "1630"]
[PlyCount "47"]
[EventDate "2019.06.29"]
[EventType "swiss"]
[EventRounds "9"]
[EventCountry "CZE"]

1. e4 e5 2. Nf3 Nc6 3. Bc4 Bc5 4. c3 Nf6 5. d4 exd4 6. e5 Ng4 7. cxd4 Be7 8. O-O d5 9. Bb5 Bd7 10. Ba4 h5 11. Nc3 Be6 12. Ne2 Nh6 13. Qc2 Bd7 14. Nf4 Nb4 15. Bxd7+ Qxd7 16. Qc3 O-O-O 17. Bd2 Nc6 18. Rfe1 Nf5 19. Qd3 g5 20. e6 fxe6 21. Nxe6 Nfxd4 22. Nfxd4 Nb4 23. Qb3 c5 24. Rac1 1-0

[Event "27th Klatovy B 2019"]
[Site "Klatovy CZE"]
[Date "2019.07.02"]
[Round "4.37"]
[White "Boucek, Vlastimil 1968"]
[Black "Konig, Vlastislav 1957"]
[Result "1-0"]
[WhiteElo "1629"]
[BlackElo "1630"]
[PlyCount "61"]
[EventDate "2019.06.29"]
[EventType "swiss"]
[EventRounds "9"]
[EventCountry "CZE"]

1. e4 e5 2. Nf3 Nc6 3. Bc4 Nf6 4. d3 Bc5 5. c3 Na5 6. Bb5 a6 7. Ba4 Nc6 8. Bxc6 dxc6 9. Nxe5 Bd6 10. Nf3 Bc5 11. O-O O-O 12. h3 Re8 13. d4 Be7 14. e5 Nd5 15. c4 Nb6 16. b3 c5 17. d5 Bf5 18. Bb2 Nd7 19. Re1 Bf8 20. Nbd2 h6 21. Nf1 Re7 22. g4 Bh7 23. Ng3 Qe8 24. Qd2 Rd8 25. g5 hxg5 26. Qxg5 f6 27. exf6 Rxe1+ 28. Rxe1 Qg6 29. f7+ Qxf7 30. Qxd8 Qxf3 31. Qxd7 1-0

[Event "27th Klatovy B 2019"]
[Site "Klatovy CZE"]
[Date "2019.07.02"]
[Round "4.38"]
[White "Berkovec, Josef"]
[Black "Svec, Ludek"]
[Result "1/2-1/2"]
[WhiteElo "1380"]
[BlackElo "1620"]
[PlyCount "122"]
[EventDate "2019.06.29"]
[EventType "swiss"]
[EventRounds "9"]
[EventCountry "CZE"]

1. Nf3 c5 2. c3 e6 3. e3 Nf6 4. d4 b6 5. Bd3 Bb7 6. Nbd2 d5 7. Ne5 c4 8. Bc2 Bd6 9. f4 b5 10. a3 Nbd7 11. O-O Qc7 12. Ndf3 O-O 13. g4 Ne4 14. g5 f6 15. Nxd7 Qxd7 16. gxf6 gxf6 17. Qe2 Kh8 18. Kh1 Rg8 19. Bd2 Qg7 20. Be1 Qh6 21. Bxe4 dxe4 22. Nd2 e5 23. fxe5 fxe5 24. d5 Bxd5 25. Bf2 Rg6 26. Rg1 Rag8 27. Rxg6 Rxg6 28. Rg1 Rxg1+ 29. Bxg1 Qg6 30. Nf1 Be6 31. Nd2 Bg4 32. Qf2 Be7 33. Qg3 Bf6 34. Bf2 Kg7 35. Kg1 Kf7 36. Kf1 Ke6 37. Ke1 Kd5 38. h3 Bf5 39. Qxg6 hxg6 40. h4 Bg4 41. Bg3 g5 42. hxg5 Bxg5 43. Bf2 a5 44. Nb1 Be7 45. Kd2 b4 46. axb4 axb4 47. cxb4 Bxb4+ 48. Nc3+ Kc5 49. Kc2 Bf3 50. Bg3 Kd6 51. Bf2 Ba5 52. Bg3 Bb6 53. Bf2 Bg2 54. b3 cxb3+ 55. Kxb3 Bd8 56. Kc2 Kc5 57. Bg3 Bf6 58. Bf2 Kc4 59. Kd2 Kb3 60. Bg3 Bf3 61. Bh2 Kc4 1/2-1/2

[Event "27th Klatovy B 2019"]
[Site "Klatovy CZE"]
[Date "2019.07.02"]
[Round "4.39"]
[White "Martinek, Lukas"]
[Black "Privoznik, Lubos"]
[Result "0-1"]
[WhiteElo "1301"]
[BlackElo "1610"]
[PlyCount "80"]
[EventDate "2019.06.29"]
[EventType "swiss"]
[EventRounds "9"]
[EventCountry "CZE"]

1. e4 e6 2. d4 d5 3. e5 c5 4. c3 Nc6 5. Nf3 Qb6 6. a3 Bd7 7. b4 cxd4 8. cxd4 Rc8 9. Be3 Nge7 10. Bd3 h6 11. Nbd2 Nf5 12. Nb3 Nce7 13. Qd2 Bb5 14. O-O Bxd3 15. Qxd3 Nc6 16. Rfc1 Qd8 17. Qb5 Qb6 18. Qxb6 axb6 19. Rc2 Kd7 20. Rac1 Be7 21. Nbd2 Na7 22. Nb1 Rxc2 23. Rxc2 Rc8 24. Rxc8 Kxc8 25. Nc3 Kc7 26. Kf1 Kc6 27. Bd2 Nb5 28. Nxb5 Kxb5 29. g4 Nh4 30. Nxh4 Bxh4 31. f4 Kc4 32. Be3 Kd3 33. Bf2 Bxf2 34. Kxf2 Kxd4 35. Kf3 Kc3 36. f5 d4 37. h4 d3 38. g5 hxg5 39. hxg5 d2 40. g6 d1=Q+ 0-1

[Event "27th Klatovy B 2019"]
[Site "Klatovy CZE"]
[Date "2019.07.02"]
[Round "4.40"]
[White "Popov, Roman4"]
[Black "Kirs, Pavel"]
[Result "0-1"]
[WhiteElo "1239"]
[BlackElo "1567"]
[PlyCount "62"]
[EventDate "2019.06.29"]
[EventType "swiss"]
[EventRounds "9"]
[EventCountry "CZE"]

1. e4 b6 2. d4 Bb7 3. Nc3 e6 4. Nf3 Bb4 5. Bd3 c5 6. d5 exd5 7. exd5 Bxd5 8. O-O Bxc3 9. bxc3 Ne7 10. Re1 O-O 11. Bg5 f6 12. Bf4 Bc6 13. Bd6 Re8 14. Qe2 Kf7 15. Bxh7 Bd5 16. Bxe7 Rxe7 17. Bg6+ Kf8 18. Qd3 Be6 19. Qd6 Nc6 20. Rxe6 dxe6 21. Qxc6 Rc8 22. Qe4 Rcc7 23. Qh4 Red7 24. Qh8+ Ke7 25. Qxg7+ Kd6 26. Rd1+ Kc6 27. Be4+ Kb5 28. a4+ Ka5 29. Nd2 Rxd2 30. Rxd2 Qxd2 31. Qg4 Qe1# 0-1

[Event "27th Klatovy B 2019"]
[Site "Klatovy CZE"]
[Date "2019.07.02"]
[Round "4.41"]
[White "Pozar, Pavel"]
[Black "Berka, Lubos"]
[Result "0-1"]
[WhiteElo "1329"]
[BlackElo "1733"]
[PlyCount "74"]
[EventDate "2019.06.29"]
[EventType "swiss"]
[EventRounds "9"]
[EventCountry "CZE"]

1. e4 b6 2. d4 Bb7 3. Nc3 Nf6 4. Bd3 e6 5. Bg5 h6 6. Bh4 Bb4 7. Nf3 g5 8. Nxg5 hxg5 9. Bxg5 Be7 10. Bf4 d6 11. e5 Nd5 12. Nxd5 Bxd5 13. Qg4 Kd7 14. Qg7 Qg8 15. Qxg8 Rxg8 16. g3 Bxh1 17. exd6 cxd6 18. Bb5+ Bc6 19. Bxc6+ Nxc6 20. O-O-O Bg5 21. Bxg5 Rxg5 22. f4 Rh5 23. h4 Rg8 24. Rg1 Nxd4 25. Kd1 Rh7 26. c3 Nc6 27. Ke2 Rxh4 28. Kf2 Rh2+ 29. Kf3 Rxb2 30. g4 Rxa2 31. Rh1 Ra3 32. Rh7 Rxc3+ 33. Kf2 Ke7 34. f5 Rxg4 35. fxe6 Kxe6 36. Rh6+ Rg6 37. Rxg6+ fxg6 0-1

[Event "27th Klatovy B 2019"]
[Site "Klatovy CZE"]
[Date "2019.07.02"]
[Round "4.42"]
[White "Filip, Petr 1952"]
[Black "Cyron, Karel"]
[Result "0-1"]
[WhiteElo "1324"]
[BlackElo "1720"]
[PlyCount "60"]
[EventDate "2019.06.29"]
[EventType "swiss"]
[EventRounds "9"]
[EventCountry "CZE"]

1. d4 Nf6 2. c4 c5 3. Nf3 b6 4. Nc3 Bb7 5. d5 d6 6. e4 e5 7. Be2 Be7 8. O-O O-O 9. Bg5 Nbd7 10. Nh4 Nxd5 11. Bxe7 Nxe7 12. Qxd6 Nc8 13. Qd2 Ne7 14. Rad1 Nf6 15. Qg5 Qb8 16. Bf3 a6 17. Nd5 Nfxd5 18. cxd5 f6 19. Qg3 Qd6 20. Bg4 Bc8 21. Bh5 Ra7 22. f4 exf4 23. Rxf4 Qe5 24. Be2 g5 25. Rdf1 Kg7 26. Rxf6 Qxg3 27. hxg3 Rxf6 28. Nf5+ Nxf5 29. Bg4 Nd6 30. Bf5 Nxf5 0-1

[Event "27th Klatovy B 2019"]
[Site "Klatovy CZE"]
[Date "2019.07.02"]
[Round "4.43"]
[White "Skutil, Frantisek"]
[Black "Stanke, Vilem"]
[Result "1/2-1/2"]
[WhiteElo "1681"]
[BlackElo "1371"]
[PlyCount "52"]
[EventDate "2019.06.29"]
[EventType "swiss"]
[EventRounds "9"]
[EventCountry "CZE"]

1. d4 Nf6 2. Nc3 g6 3. Bf4 Bg7 4. e3 O-O 5. Bd3 d6 6. Nge2 Nbd7 7. f3 Nh5 8. g4 Nxf4 9. Nxf4 e5 10. dxe5 Nxe5 11. h4 Nxd3+ 12. Qxd3 c6 13. O-O-O d5 14. g5 Bf5 15. Qd2 Qa5 16. Kb1 Bxc3 17. Qxc3 Qxc3 18. bxc3 Rfe8 19. Rhe1 Kg7 20. Kc1 b5 21. Kd2 a5 22. Nd3 b4 23. Nc5 h6 24. f4 hxg5 25. hxg5 Rh8 26. Rh1 Rhb8 1/2-1/2

[Event "27th Klatovy B 2019"]
[Site "Klatovy CZE"]
[Date "2019.07.02"]
[Round "4.44"]
[White "Leseticky, Vladimir"]
[Black "Langmajerova, Jana"]
[Result "0-1"]
[WhiteElo "1631"]
[BlackElo "1336"]
[PlyCount "64"]
[EventDate "2019.06.29"]
[EventType "swiss"]
[EventRounds "9"]
[EventCountry "CZE"]

1. e4 e5 2. Nf3 Nc6 3. Bc4 Nf6 4. d3 Be7 5. c3 d5 6. exd5 Nxd5 7. Qb3 Na5 8. Qa4+ c6 9. Bxd5 Qxd5 10. O-O b6 11. c4 Qd6 12. Be3 O-O 13. c5 Qc7 14. cxb6 axb6 15. b4 b5 16. Qa3 Be6 17. Qc3 Nb7 18. Nxe5 Bd6 19. d4 f6 20. Nf3 Rxa2 21. Rxa2 Bxa2 22. Nbd2 Bd5 23. Ra1 Qe7 24. Ra7 Bxb4 25. Rxb7 Qxb7 26. Qxb4 Ra8 27. h3 Qb8 28. g3 Ra4 29. Qe7 Qf8 30. Qc7 b4 31. Bf4 b3 32. Bd6 Qa8 0-1

[Event "27th Klatovy B 2019"]
[Site "Klatovy CZE"]
[Date "2019.07.02"]
[Round "4.45"]
[White "Skalicky, Jindrich"]
[Black "Trcka, Bohdan"]
[Result "1/2-1/2"]
[WhiteElo "1201"]
[BlackElo "1569"]
[PlyCount "68"]
[EventDate "2019.06.29"]
[EventType "swiss"]
[EventRounds "9"]
[EventCountry "CZE"]

1. e4 e5 2. Nf3 d6 3. Bc4 Be6 4. Bxe6 fxe6 5. d3 Be7 6. O-O Nc6 7. Be3 g5 8. Nbd2 g4 9. Ne1 h5 10. Nb3 Bg5 11. Qd2 Bh6 12. d4 exd4 13. Nxd4 Nxd4 14. Qxd4 e5 15. Qd5 c6 16. Qe6+ Qe7 17. Qxe7+ Nxe7 18. Bxh6 Rxh6 19. Nd3 O-O-O 20. Rfe1 h4 21. Re3 Ng6 22. Kf1 Nf4 23. Nxf4 exf4 24. Ra3 g3 25. h3 gxf2 26. Rxa7 Kb8 27. Ra3 Rg8 28. Kxf2 Rhg6 29. Rg1 Rg3 30. Rxg3 Rxg3 31. Rd1 Kc7 32. Rd3 Rg7 33. Kf3 Rg3+ 34. Kf2 Rg7 1/2-1/2

[Event "27th Klatovy B 2019"]
[Site "Klatovy CZE"]
[Date "2019.07.02"]
[Round "4.46"]
[White "Vavrinkova, Marie"]
[Black "Vasko, Pavel"]
[Result "1-0"]
[WhiteElo "1185"]
[BlackElo "1560"]
[PlyCount "51"]
[EventDate "2019.06.29"]
[EventType "swiss"]
[EventRounds "9"]
[EventCountry "CZE"]

1. e4 e5 2. Nf3 Nf6 3. Nxe5 d6 4. Nf3 Nxe4 5. d4 d5 6. Bd3 Nf6 7. O-O Be7 8. Be3 O-O 9. h3 b6 10. Nc3 c5 11. b3 a6 12. a4 Qc7 13. Qe2 Bd6 14. Rad1 Re8 15. Qd2 Bb7 16. Rfe1 Nbd7 17. Bf1 Bc6 18. Qd3 Ne4 19. dxc5 Ndxc5 20. Bxc5 Nxc5 21. Rxe8+ Rxe8 22. Qf5 g6 23. Qg5 Bf4 24. Qf6 Re6 25. Qd4 Be3 26. fxe3 1-0

[Event "27th Klatovy B 2019"]
[Site "Klatovy CZE"]
[Date "2019.07.02"]
[Round "4.47"]
[White "Levinsky, Ladislav"]
[Black "Dobsa, Emma"]
[Result "1/2-1/2"]
[WhiteElo "1515"]
[BlackElo "1325"]
[PlyCount "91"]
[EventDate "2019.06.29"]
[EventType "swiss"]
[EventRounds "9"]
[EventCountry "CZE"]

1. Nf3 d5 2. d4 Nf6 3. Bf4 c5 4. c3 Nc6 5. dxc5 e6 6. b4 a5 7. b5 Na7 8. e3 Bxc5 9. a4 Bd7 10. Bd3 O-O 11. O-O Re8 12. Bg5 e5 13. e4 h6 14. Bxf6 Qxf6 15. Nbd2 Qg6 16. Nh4 Qh7 17. Nb3 Be7 18. Nf5 dxe4 19. Nxe7+ Rxe7 20. Bc2 Qg6 21. Qe2 Bf5 22. Nxa5 Rc8 23. c4 b6 24. Nb3 Rd7 25. Rfe1 Rcd8 26. Qe3 Rd3 27. Qe2 Bg4 28. Qxe4 f5 29. Qxe5 Bf3 30. Qe6+ Qxe6 31. Rxe6 Rc3 32. Bxf5 Rxb3 33. gxf3 Rxf3 34. Bg6 Rf4 35. Rae1 Rdf8 36. Kh1 Rxf2 37. Re8 Nc8 38. Rxf8+ Rxf8 39. c5 bxc5 40. a5 Nd6 41. Re5 Nxb5 42. Rxc5 Nd6 43. a6 Ra8 44. Rc6 Nb5 45. Rb6 Nc7 46. Rb2 1/2-1/2

[Event "27th Klatovy B 2019"]
[Site "Klatovy CZE"]
[Date "2019.07.02"]
[Round "4.48"]
[White "Berkovec, Jakub"]
[Black "Novak, Rudolf"]
[Result "0-1"]
[WhiteElo "1060"]
[BlackElo "1499"]
[PlyCount "82"]
[EventDate "2019.06.29"]
[EventType "swiss"]
[EventRounds "9"]
[EventCountry "CZE"]

1. e4 c5 2. Nf3 d6 3. d4 cxd4 4. Nxd4 Nf6 5. Nc3 e6 6. Be3 Be7 7. Be2 O-O 8. O-O a6 9. a4 Nc6 10. f4 Qc7 11. Qe1 Bd7 12. Rd1 Nxd4 13. Bxd4 Bc6 14. e5 dxe5 15. fxe5 Nd7 16. Bf3 Bxf3 17. Rxf3 Bc5 18. Re3 Rad8 19. Bxc5 Nxc5 20. Rxd8 Rxd8 21. Qh4 Qb6 22. Kh1 a5 23. Nb5 Rd1+ 24. Re1 Rxe1+ 25. Qxe1 Nxa4 26. b3 Qxb5 27. bxa4 Qxa4 28. Qd1 h6 29. Qd3 g6 30. h3 Qa1+ 31. Kh2 Qxe5+ 32. Kh1 b5 33. Qd7 Kg7 34. Qa7 b4 35. Qb7 Qd5 36. Qb8 Qc5 37. Qa8 Qxc2 38. Qxa5 Qc3 39. Qb5 b3 40. Qf1 b2 41. Qg1 Qc1 0-1

[Event "27th Klatovy B 2019"]
[Site "Klatovy CZE"]
[Date "2019.07.02"]
[Round "4.49"]
[White "Novy, Jaroslav"]
[Black "Novy, Jan"]
[Result "0-1"]
[WhiteElo "1632"]
[BlackElo "1473"]
[PlyCount "42"]
[EventDate "2019.06.29"]
[EventType "swiss"]
[EventRounds "9"]
[EventCountry "CZE"]

1. e4 a6 2. d4 b5 3. a3 Bb7 4. Nc3 e6 5. Nf3 Be7 6. b4 d6 7. Bd3 Nd7 8. O-O c5 9. d5 e5 10. bxc5 Nxc5 11. Bd2 Rc8 12. Na2 Nf6 13. Qe2 O-O 14. Rfc1 Qd7 15. Rab1 Rfe8 16. c4 Nxd3 17. Qxd3 bxc4 18. Rxc4 Bxd5 19. Nxe5 Bxc4 20. Nxd7 Bxd3 21. Nxf6+ Bxf6 0-1

[Event "27th Klatovy B 2019"]
[Site "Klatovy CZE"]
[Date "2019.07.02"]
[Round "4.50"]
[White "Matejicek, Vojtech"]
[Black "Havelkova, Beata"]
[Result "1-0"]
[WhiteElo "1472"]
[BlackElo "1316"]
[PlyCount "44"]
[EventDate "2019.06.29"]
[EventType "swiss"]
[EventRounds "9"]
[EventCountry "CZE"]

1. e4 c5 2. Nf3 d6 3. d3 g6 4. g3 Bg7 5. Bg2 Nc6 6. O-O Nf6 7. c3 O-O 8. Re1 Rb8 9. d4 e6 10. Bf4 Nh5 11. Be3 Nf6 12. dxc5 Nxe4 13. cxd6 Qxd6 14. Qxd6 Nxd6 15. Bf4 Rd8 16. Na3 Ra8 17. Rad1 Ne8 18. Rxd8 Nxd8 19. Rd1 Nc6 20. Nc4 f6 21. Ne1 Bh8 22. Bxc6 bxc6 1-0

[Event "27th Klatovy B 2019"]
[Site "Klatovy CZE"]
[Date "2019.07.02"]
[Round "4.51"]
[White "Stross, Frantisek 1952"]
[Black "Lhotsky, Zdenek 1966"]
[Result "1-0"]
[WhiteElo "1458"]
[BlackElo "1285"]
[PlyCount "60"]
[EventDate "2019.06.29"]
[EventType "swiss"]
[EventRounds "9"]
[EventCountry "CZE"]

1. e4 c5 2. Nf3 d6 3. Nc3 Nf6 4. Bc4 e6 5. d3 Be7 6. O-O O-O 7. h3 a6 8. a4 b6 9. e5 dxe5 10. Nxe5 Bb7 11. Ng4 b5 12. axb5 axb5 13. Rxa8 Bxa8 14. Nxb5 Nc6 15. c3 Nxg4 16. Qxg4 Na5 17. Bh6 Bf6 18. Be3 Qb6 19. b4 Nxc4 20. Qxc4 Qc6 21. f3 cxb4 22. cxb4 Rb8 23. Qxc6 Bxc6 24. Na7 Bd5 25. Bc5 Bd8 26. Rb1 Bb6 27. Rc1 g6 28. d4 Bxa7 29. Bxa7 Rxb4 30. Bc5 Kg7 1-0

[Event "27th Klatovy B 2019"]
[Site "Klatovy CZE"]
[Date "2019.07.02"]
[Round "4.52"]
[White "Pasek, Josef"]
[Black "Jedlicka, Pavel"]
[Result "0-1"]
[WhiteElo "1067"]
[BlackElo "1445"]
[PlyCount "66"]
[EventDate "2019.06.29"]
[EventType "swiss"]
[EventRounds "9"]
[EventCountry "CZE"]

1. d4 Nf6 2. c4 c6 3. Nc3 d5 4. c5 Nbd7 5. Nf3 Qc7 6. e3 e5 7. b4 e4 8. Nd2 a5 9. Ba3 axb4 10. Bxb4 b6 11. cxb6 Nxb6 12. Bxf8 Kxf8 13. Rc1 Bg4 14. Be2 h5 15. Nb5 Qd7 16. Nc3 g5 17. h3 Bxe2 18. Qxe2 Kg7 19. f3 Qd6 20. fxe4 Qg3+ 21. Qf2 Qxf2+ 22. Kxf2 Na4 23. exd5 Nxc3 24. Rxc3 Rxa2 25. Ke2 Ne4 26. Rcc1 Ng3+ 27. Kd3 Nxh1 28. Rxh1 cxd5 29. g3 Rha8 30. e4 R8a3+ 31. Ke2 dxe4 32. d5 e3 33. d6 Rxd2+ 0-1

[Event "27th Klatovy B 2019"]
[Site "Klatovy CZE"]
[Date "2019.07.02"]
[Round "4.53"]
[White "Sobr, Vaclav"]
[Black "Dolejs, Jakub"]
[Result "1-0"]
[WhiteElo "1498"]
[BlackElo "1434"]
[PlyCount "95"]
[EventDate "2019.06.29"]
[EventType "swiss"]
[EventRounds "9"]
[EventCountry "CZE"]

1. e4 e6 2. Nf3 d5 3. exd5 exd5 4. Bd3 Bd6 5. c3 Nf6 6. Qe2+ Be6 7. Bc2 O-O 8. d4 Re8 9. Be3 Bg4 10. Nbd2 Ne4 11. O-O-O c6 12. h3 Bh5 13. g4 Bg6 14. Rde1 Qa5 15. Nxe4 Bxe4 16. Bxe4 dxe4 17. Nd2 Qxa2 18. Qc4 Qa6 19. Qxa6 Nxa6 20. h4 c5 21. g5 Rac8 22. h5 Nb4 23. Re2 Nd3+ 24. Kc2 c4 25. Rh4 b5 26. Rxe4 Rxe4 27. Nxe4 Bc7 28. Nc5 Nxc5 29. dxc5 Rd8 30. Bd4 Kf8 31. c6 a6 32. Bc5+ Kg8 33. Re7 Rc8 34. Bd4 Bf4 35. g6 hxg6 36. hxg6 f6 37. Bb6 Kf8 38. Bc5 Kg8 39. Re6 Be5 40. Bb6 Kf8 41. b4 Bf4 42. Bc5+ Kg8 43. Re4 Be5 44. f4 Bxf4 45. Rxf4 Rxc6 46. Rd4 Rc8 47. Rd6 Kf8 48. Rd8# 1-0

[Event "27th Klatovy B 2019"]
[Site "Klatovy CZE"]
[Date "2019.07.02"]
[Round "4.54"]
[White "Souralova, Alena"]
[Black "Barta, David"]
[Result "0-1"]
[WhiteElo "1000"]
[BlackElo "1411"]
[PlyCount "68"]
[EventDate "2019.06.29"]
[EventType "swiss"]
[EventRounds "9"]
[EventCountry "CZE"]

1. e4 e6 2. d4 d5 3. exd5 exd5 4. Nf3 Bd6 5. Be3 Ne7 6. Bd3 Nbc6 7. Nc3 Bg4 8. h3 Bh5 9. g4 Bg6 10. Bxg6 hxg6 11. Qd2 Qd7 12. a3 O-O-O 13. O-O-O Na5 14. Qd3 c6 15. Rdg1 Nc4 16. Bg5 f6 17. h4 fxg5 18. Nxg5 Bf4+ 19. Kb1 Nd2+ 20. Kc1 Nf3+ 21. Kb1 Nxg1 22. Rxg1 Bxg5 23. hxg5 Rdf8 24. f3 Rh2 25. Na4 b6 26. Qb3 Rf2 27. Rg3 Rh8 28. Rg1 Rhh2 29. Rg3 Qc7 30. f4 Qxf4 31. Qc3 Rxc2 32. Qd3 Qc1+ 33. Ka2 Rxb2+ 34. Nxb2 Qxb2# 0-1

[Event "27th Klatovy B 2019"]
[Site "Klatovy CZE"]
[Date "2019.07.02"]
[Round "4.55"]
[White "Hejda, Ondrej"]
[Black "Skopkova, Marcela"]
[Result "0-1"]
[WhiteElo "1403"]
[BlackElo "1263"]
[PlyCount "78"]
[EventDate "2019.06.29"]
[EventType "swiss"]
[EventRounds "9"]
[EventCountry "CZE"]

1. e4 e5 2. f4 exf4 3. Nf3 Nc6 4. Nc3 Nf6 5. Bc4 h6 6. d3 d6 7. Bxf4 Be6 8. Bb3 Be7 9. O-O a6 10. Qe1 Bxb3 11. axb3 Nh5 12. Be3 b5 13. Ra2 Nb4 14. Ra5 Nxc2 15. Qe2 Nxe3 16. Qxe3 c5 17. Rfa1 O-O 18. Rxa6 Rxa6 19. Rxa6 Qc8 20. Ra7 b4 21. Rxe7 bxc3 22. bxc3 Qa6 23. e5 dxe5 24. Rxe5 Qa1+ 25. Qe1 Qxe1+ 26. Nxe1 Nf4 27. Rxc5 Ra8 28. Kf2 g5 29. d4 Ra2+ 30. Kf3 Kg7 31. Rc8 Ra1 32. Nc2 Ra2 33. Ne3 Kg6 34. d5 f5 35. d6 Ne6 36. d7 Rd2 37. Rc6 g4+ 38. Kg3 Kg5 39. Rxe6 f4# 0-1

[Event "27th Klatovy B 2019"]
[Site "Klatovy CZE"]
[Date "2019.07.02"]
[Round "4.56"]
[White "Veverka, Max"]
[Black "Kadlec, Rudolf"]
[Result "0-1"]
[WhiteElo "1000"]
[BlackElo "1400"]
[PlyCount "54"]
[EventDate "2019.06.29"]
[EventType "swiss"]
[EventRounds "9"]
[EventCountry "CZE"]

1. e4 d5 2. exd5 Nf6 3. Bb5+ Bd7 4. Be2 Nxd5 5. d4 e6 6. Nf3 c5 7. c4 Nf6 8. Nc3 h6 9. Be3 cxd4 10. Nxd4 Bb4 11. O-O Bxc3 12. bxc3 O-O 13. Qc2 Re8 14. Rad1 Qc8 15. f4 Nc6 16. Nxc6 Bxc6 17. Bf3 Bxf3 18. Rxf3 Qxc4 19. Bd4 Rad8 20. Rfd3 Nd5 21. Bxa7 Ra8 22. Bd4 Rxa2 23. Qb1 Nxf4 24. Rf3 Rxg2+ 25. Kh1 Qe2 26. Rxf4 Rxh2+ 27. Kg1 Qg2# 0-1

[Event "27th Klatovy B 2019"]
[Site "Klatovy CZE"]
[Date "2019.07.02"]
[Round "4.57"]
[White "Cervenka, Jakub"]
[Black "Skutil, Frantisek Elias"]
[Result "1/2-1/2"]
[WhiteElo "1396"]
[BlackElo "1106"]
[PlyCount "55"]
[EventDate "2019.06.29"]
[EventType "swiss"]
[EventRounds "9"]
[EventCountry "CZE"]

1. e4 c5 2. b4 b6 3. bxc5 bxc5 4. Nc3 Nc6 5. Ba3 d6 6. Bb5 Bd7 7. Bxc6 Bxc6 8. Rb1 Nf6 9. Qe2 e6 10. f3 Be7 11. Qa6 Qd7 12. Nge2 O-O 13. O-O Rab8 14. Ng3 Rfc8 15. Qe2 Ba4 16. d3 Bd8 17. Rxb8 Rxb8 18. Rb1 Rxb1+ 19. Nxb1 Ba5 20. c4 Qb7 21. Nd2 Bc3 22. Qe1 Qa6 23. Qc1 Qa5 24. Nb3 Bxb3 25. axb3 Bd2 26. Qb2 Bc3 27. Qc1 Bd2 28. Qb2 1/2-1/2

[Event "27th Klatovy B 2019"]
[Site "Klatovy CZE"]
[Date "2019.07.02"]
[Round "4.58"]
[White "Souralova, Venuse"]
[Black "Bukvaj, Jan"]
[Result "1-0"]
[WhiteElo "1391"]
[BlackElo "1158"]
[PlyCount "57"]
[EventDate "2019.06.29"]
[EventType "swiss"]
[EventRounds "9"]
[EventCountry "CZE"]

1. c4 e5 2. Nc3 Nc6 3. g3 g6 4. Bg2 Bg7 5. Nf3 Nge7 6. O-O O-O 7. Rb1 d6 8. d3 h6 9. Bd2 Be6 10. b4 Qd7 11. Qc1 Kh7 12. Ne4 f5 13. Nc3 Rf6 14. b5 Nd4 15. Ng5+ hxg5 16. Bxg5 Rff8 17. e3 Nxb5 18. Nxb5 a6 19. Nxc7 Bf6 20. Nxa8 Bxg5 21. Rxb7 Qe8 22. Nc7 Qf7 23. Nxe6 Qxe6 24. Qa3 d5 25. Bxd5 Qf6 26. h4 Bxh4 27. gxh4 Qxh4 28. Qxe7+ Qxe7 29. Rxe7+ 1-0

[Event "27th Klatovy B 2019"]
[Site "Klatovy CZE"]
[Date "2019.07.02"]
[Round "4.59"]
[White "Zimovcak, Zdenek"]
[Black "Roubal, Matyas"]
[Result "1/2-1/2"]
[WhiteElo "1600"]
[BlackElo "1019"]
[PlyCount "82"]
[EventDate "2019.06.29"]
[EventType "swiss"]
[EventRounds "9"]
[EventCountry "CZE"]

1. d4 d5 2. Nc3 Nf6 3. e3 Nc6 4. Nf3 Bg4 5. Be2 e6 6. a3 Bd6 7. h3 Bf5 8. b3 O-O 9. Bb2 Re8 10. g4 Bg6 11. Bb5 a6 12. Bxc6 bxc6 13. Ne5 c5 14. Nxg6 hxg6 15. Qf3 Qe7 16. h4 c6 17. h5 gxh5 18. gxh5 Rab8 19. dxc5 Bxc5 20. Na4 Bd6 21. Bxf6 Qxf6 22. Qxf6 gxf6 23. Ke2 Kh7 24. Nc3 Kh6 25. a4 Rg8 26. Rag1 e5 27. f3 Rg5 28. Nd1 Rbg8 29. Kf2 Rxg1 30. Rxg1 Rxg1 31. Kxg1 Kxh5 32. Kf2 Kg5 33. Nc3 f5 34. Ne2 Bc5 35. Nc1 f4 36. Ke2 Bxe3 37. Nd3 Kf5 38. Nb4 a5 39. Nxc6 Bb6 40. c3 Ke6 41. b4 Kd6 1/2-1/2

[Event "27th Klatovy B 2019"]
[Site "Klatovy CZE"]
[Date "2019.07.02"]
[Round "4.60"]
[White "Stastny, Simon"]
[Black "Bican, Vojtech"]
[Result "1-0"]
[WhiteElo "1474"]
[BlackElo "1078"]
[PlyCount "113"]
[EventDate "2019.06.29"]
[EventType "swiss"]
[EventRounds "9"]
[EventCountry "CZE"]

1. e4 e5 2. Nf3 Nc6 3. d4 exd4 4. Nxd4 Bc5 5. Be3 Bb6 6. Bc4 Nf6 7. Nc3 O-O 8. O-O d6 9. f3 Be6 10. Bb3 d5 11. exd5 Nxd5 12. Nxd5 Bxd5 13. Bxd5 Qxd5 14. c3 Rad8 15. Qd2 Nxd4 16. cxd4 Bxd4 17. Rad1 Bxe3+ 18. Qxe3 Qe6 19. Qxa7 Rxd1 20. Rxd1 Qe2 21. Qd4 Qe8 22. Qe4 Qxe4 23. fxe4 Re8 24. Kf2 g6 25. Kf3 Kg7 26. g4 Kf6 27. h4 g5 28. hxg5+ Kxg5 29. Rd5+ Kf6 30. Kf4 Ke6 31. a4 c6 32. Re5+ Kd7 33. b4 Re7 34. g5 Kd6 35. Rxe7 Kxe7 36. Ke5 Kd7 37. b5 cxb5 38. axb5 b6 39. Kd5 Kc7 40. Ke5 Kd7 41. Kf6 Ke8 42. Kg7 Ke7 43. Kxh7 Ke6 44. Kg7 Ke7 45. Kh7 Ke6 46. Kh6 Ke5 47. Kg7 f5 48. gxf6 Kxe4 49. f7 Kd5 50. f8=Q Kc4 51. Qf5 Kb4 52. Qd5 Kc3 53. Qe4 Kd2 54. Qf3 Kc2 55. Qe3 Kb2 56. Qd3 Kc1 57. Qe2 1-0